LEADER 00781nam a2200241 i 4500 001 000000165050 003 CaOOAMICUS 005 20071008000000.0 008 071008s1968 it u000 u ita u 013 $a142418 040 $aSeMil$bita 100 1 $aKawabata, Yasunari.$0(OLS)http://semarc/name/60803 245 10$aKoto /$cYasunari Kawabata. 250 $a4. Ed. 260 $aMilano :$bRizzoli,$c1968. 300 $a154 p. ;$c23 cm. 490 0 $aLa scala 830 3$aLa scala.$0(OLS)http://semarc/title/7359 850 $aSeMil 852 $aSeMil$W1$xVenegono$y1$m1U VI 38$j240159$B116249$CSeMilBibl$Z2$F127146 $81 961 $aRecupero: Altro 996 $6245$aKoto$9(OLS)http://semarc/title/235534 996 $6260$aMilano :$bRizzoli$9(OLS)http://semarc/publisher/29824 LEADER 01179nam a2200253 4500 001 000000359241 003 CaOOAMICUS 005 20240806094217.0 008 240806s1755 it a 000 u ita r 026 $ereS- n-d' a.za GlGl (3) 1755 (R) 040 $aSeMil$bita 245 00$aTomo 1. 264 1$aIn Bergamo :$bAppresso Pietro Lancellotti,$c1755. 300 $aXXIV, 441, [3] p., [1] carta di tav. :$britr. ;$c12° 500 $aSegn.: *¹² A-S¹² T? (bianca carta T6) 500 $aRitratto calcogr. di Bernardo Tasso 500 $aDedica di Pierantonio Serassi a Tommaso Giuseppe Farsetti 700 1 $aSerassi, Piero Antonio,$d<1721-1791>.$0(OLS)http://semarc/name/75961 773 0 $aTasso, Bernardo <1493-1569>$tAmadigi di m. Bernardo Tasso colla vita dell'autore e varie illustrazioni dell'opera. Tomo 1.[-4.].$dIn Bergamo : Appresso Pietro Lancellotti, 1755.$g1$w()359240 850 $aSeMil 852 $aSeMil$W1$xVenegono$y1$m1W I 66 FA$j250117$B250284$CSeMilBibl$Z2$F250284 $8I 996 $6245$aTomo 1$9(OLS)http://semarc/title/46685 996 $6264$aIn Bergamo :$bAppresso Pietro Lancellotti$9(OLS)http://semarc/publisher/31364